[Event "4NCL Div 2 2024-25"]
[Site "England ENG"]
[Date "2025.02.15"]
[Round "5.62"]
[White "Babu, Rahul"]
[Black "Gallagher, Daniel GH"]
[Result "0-1"]
[WhiteTitle "CM"]
[WhiteElo "2166"]
[BlackElo "2226"]
[WhiteTeam "The ADs"]
[BlackTeam "Cambridge University 1"]
[WhiteFideId "25625136"]
[BlackFideId "436550"]
[EventDate "2024.11.23"]

1. e4 e6 2. d4 d5 3. Bd3 dxe4 4. Bxe4 Nf6 5. Bf3 c5 6. Ne2 Nc6 7. Be3 cxd4 8.
Nxd4 Ne5 9. Nc3 a6 10. Qe2 Nxf3+ 11. gxf3 Nd5 12. Nxd5 Qxd5 13. Rg1 Qa5+ 14. c3
Bd7 15. a4 g6 16. Nb3 Qd5 17. Bd4 Rg8 18. Nd2 Be7 19. Ne4 e5 20. Bc5 Qe6 21.
Bxe7 Qxe7 22. O-O-O O-O-O 23. Rd2 Bxa4 24. Qc4+ Bc6 25. Rgd1 Rxd2 26. Rxd2 Rd8
27. Rxd8+ Kxd8 28. Nc5 Qg5+ 29. Kb1 Qg1+ 30. Ka2 Qxf2 31. Ka3 Ke8 32. Nd3 Qe2
33. f4 e4 34. Ne5 Qxc4 35. Nxc4 f5 36. Kb4 g5 37. fxg5 f4 38. h4 e3 39. h5 e2
40. Nd2 e1=Q 41. Nc4 Qe7+ 42. Ka5 Qc5# 0-1

[Event "4NCL Div 2 2024-25"]
[Site "England ENG"]
[Date "2025.02.15"]
[Round "5.63"]
[White "Hill, Alistair"]
[Black "Merriman, James"]
[Result "1/2-1/2"]
[WhiteElo "2155"]
[BlackElo "2012"]
[WhiteTeam "Cambridge University 1"]
[BlackTeam "The ADs"]
[WhiteFideId "432407"]
[BlackFideId "452270"]
[EventDate "2024.11.23"]

1. e4 e6 2. d4 d5 3. Nd2 Be7 4. Ngf3 Nf6 5. e5 Nfd7 6. Bd3 c5 7. c3 Nc6 8. O-O
g5 9. Nb1 h5 10. Be3 g4 11. Ne1 Qb6 12. Na3 c4 13. Be2 Qxb2 14. Nec2 Qb6 15.
Nxc4 dxc4 16. d5 Qa6 17. dxc6 Qxc6 18. Nd4 Qd5 19. Qa4 O-O 20. Rad1 Nb6 21. Qc2
Qxe5 22. Rfe1 Bd7 23. Qd2 Rfd8 24. Bf4 Qb5 25. Bf1 Bf6 26. Be5 Bg7 27. Qg5 f6
28. Bxf6 Qxg5 29. Bxg5 Re8 30. Rc1 Rac8 31. Ne2 Nd5 32. Ng3 Bxc3 33. Red1 Ba4
34. Rxd5 exd5 35. Rxc3 Re1 36. Nxh5 d4 37. Rc1 Rxc1 38. Bxc1 Kf7 39. Nf4 d3 40.
Nd5 Bc6 41. Ne3 Bd7 42. f3 gxf3 43. gxf3 b5 44. Kf2 a5 45. Nd5 Be6 46. Nf4 Bf5
47. Nd5 c3 48. Ne3 d2 49. Bxd2 cxd2 50. Bxb5 Be6 51. Ke2 Rd8 52. Bd3 Bxa2 53.
Kxd2 Bb1 54. Nc2 Bxc2 55. Kxc2 Rh8 56. Kb3 Rxh2 57. Be4 Ke6 58. Ka3 Ke5 59. Kb3
Rd2 60. Kc3 Rd4 61. Kb3 Rb4+ 62. Ka3 Kd4 63. Bf5 Kc3 64. Bg6 Rb2 65. Bf5 Rf2 66.
Be4 Rf1 67. Ka2 a4 68. Bc6 Kb4 69. Kb2 a3+ 70. Ka2 Rf2+ 71. Ka1 Kc3 72. Bd5 Rd2
73. Be6 Rd6 74. Bg8 Rd3 75. Be6 Rxf3 76. Bd5 Rf2 77. Be6 Kb4 78. Bd5 Rb2 79. Be6
Kc3 80. Bf7 Kc2 81. Bg6+ Kc1 82. Bf7 Rd2 83. Be6 Rd6 84. Bf7 Rd7 85. Be6 Re7 86.
Bd5 Re5 87. Bf7 Ra5 88. Bg8 Kd2 89. Bf7 Kc3 90. Bg8 Rg5 91. Bf7 Rg2 92. Be6 Rg1+
93. Ka2 Re1 94. Bf7 Re2+ 95. Ka1 a2 96. Bxa2 Re1+ 97. Bb1 Rg1 98. Ka2 Rg5 99.
Ka1 Kb3 100. Ba2+ Ka3 101. Bb1 Rg2 102. Bf5 Ra2+ 103. Kb1 Rf2 104. Be4 Kb3 105.
Ka1 Re2 106. Bf5 Rf2 107. Be4 Rf4 108. Bd5+ Kc2 109. Bg8 Rh4 110. Bf7 Rh6 111.
Bd5 Rf6 112. Bg8 Rf1+ 113. Ka2 Rh1 114. Be6 Re1 115. Bf7 Rf1 116. Bd5 Kc3 117.
Bg8 Rf2+ 118. Ka1 Rf8 119. Ba2 Ra8 120. Kb1 Rf8 121. Ka1 Rb8 122. Be6 Ra8+ 123.
Ba2 Kb4 124. Kb2 Rf8 125. Ka1 Rf2 126. Bg8 Ka3 127. Bh7 Ra2+ 128. Kb1 Rh2 129.
Be4 Kb3 130. Ka1 Ra2+ 131. Kb1 Re2 132. Bd5+ Ka3 133. Bf7 Re7 134. Bg8 Rg7 135.
Be6 Rb7+ 136. Kc2 Rb2+ 137. Kc3 1/2-1/2

[Event "4NCL Div 2 2024-25"]
[Site "England ENG"]
[Date "2025.02.15"]
[Round "5.64"]
[White "Nguyen, Thu Giang"]
[Black "Goh, Jinghan Cameron"]
[Result "1-0"]
[WhiteTitle "WFM"]
[WhiteElo "2076"]
[BlackElo "2101"]
[WhiteTeam "The ADs"]
[BlackTeam "Cambridge University 1"]
[WhiteFideId "12400980"]
[BlackFideId "5804540"]
[EventDate "2024.11.23"]

1. e4 c5 2. Nf3 e6 3. c3 d5 4. exd5 Qxd5 5. d4 Nf6 6. Na3 a6 7. Nc4 Nbd7 8. Ne3
Qc6 9. a4 cxd4 10. Nxd4 Qc7 11. Bc4 Ne5 12. Be2 Bd7 13. O-O Bd6 14. h3 h5 15.
Re1 g5 16. Nf1 g4 17. h4 Ne4 18. Be3 Rg8 19. Bd3 Nxd3 20. Qxd3 f5 21. Bg5 Be5
22. Rxe4 fxe4 23. Qxe4 Rxg5 24. hxg5 O-O-O 25. Re1 Bxd4 26. Qxd4 Rg8 27. Re5 Bc6
28. Rc5 Qe7 29. Qe3 Kb8 30. Qe5+ Ka8 31. b4 Bxa4 32. Rc7 Qd8 33. Qxe6 Qxg5 34.
Rc5 Qd8 35. Qa2 Qe8 36. Ra5 Bc6 37. b5 Be4 38. bxa6 b6 39. Rxh5 g3 40. f4 Rf8
41. Re5 Qg6 42. Qc4 1-0

[Event "4NCL Div 2 2024-25"]
[Site "England ENG"]
[Date "2025.02.15"]
[Round "5.65"]
[White "Mihalik, Agoston"]
[Black "Snape, Ian L"]
[Result "1/2-1/2"]
[WhiteElo "2140"]
[BlackElo "2098"]
[WhiteTeam "Cambridge University 1"]
[BlackTeam "The ADs"]
[WhiteFideId "719021"]
[BlackFideId "404489"]
[EventDate "2024.11.23"]

1. e4 c5 2. Nf3 e6 3. g3 Nc6 4. Bg2 Nf6 5. Qe2 e5 6. O-O Be7 7. Na3 d6 8. d3 h6
9. Nc4 b5 10. Ne3 Rb8 11. Nh4 O-O 12. Nhf5 Nd4 13. Qd1 Nxf5 14. Nxf5 Bxf5 15.
exf5 d5 16. g4 Qd7 17. Qf3 e4 18. dxe4 dxe4 19. Qg3 Bd6 20. Bf4 Bxf4 21. Qxf4
Rbd8 22. h3 Qd4 23. Rab1 Rfe8 24. Rfe1 Qa4 25. Qc1 Rd4 26. c3 Rdd8 27. Ra1 a6
28. Re2 Rd3 29. Qc2 Qc4 30. Rae1 Qd5 31. a4 c4 32. axb5 axb5 33. Qc1 Qd6 34. Qc2 1/2-1/2

[Event "4NCL Div 2 2024-25"]
[Site "England ENG"]
[Date "2025.02.15"]
[Round "5.66"]
[White "Baltrunas, Evaldas"]
[Black "Sivanandan, Bodhana"]
[Result "1/2-1/2"]
[BlackTitle "WFM"]
[WhiteElo "1975"]
[BlackElo "2073"]
[WhiteTeam "The ADs"]
[BlackTeam "Cambridge University 1"]
[WhiteFideId "343427499"]
[BlackFideId "497592"]
[EventDate "2024.11.23"]

1. d4 d5 2. c4 c6 3. Nf3 Nf6 4. e3 e6 5. Bd3 Nbd7 6. O-O Bd6 7. Nc3 O-O 8. e4
dxe4 9. Nxe4 Nxe4 10. Bxe4 h6 11. b3 e5 12. dxe5 Nxe5 13. Bb2 Nxf3+ 14. Qxf3 Re8
15. Rfe1 Be6 16. Rad1 Qc7 17. g3 Rad8 18. Qc3 Bf8 19. Bb1 Rxd1 20. Rxd1 Rd8 21.
Rxd8 Qxd8 22. Qc2 f5 23. Qd3 Qxd3 24. Bxd3 Kf7 25. Bd4 a6 26. f4 Bd6 27. Kf2 Be7
28. Ke3 c5 29. Be5 Bf6 30. Bxf6 Kxf6 1/2-1/2

[Event "4NCL Div 2 2024-25"]
[Site "England ENG"]
[Date "2025.02.15"]
[Round "5.67"]
[White "Starley, Robert"]
[Black "Duggan, John E"]
[Result "1/2-1/2"]
[WhiteElo "2077"]
[BlackElo "2005"]
[WhiteTeam "Cambridge University 1"]
[BlackTeam "The ADs"]
[WhiteFideId "421006"]
[BlackFideId "423726"]
[EventDate "2024.11.23"]

1. e4 e6 2. d4 b6 3. Nc3 Bb7 4. Nf3 Bb4 5. Bd3 d5 6. exd5 Bxd5 7. O-O Bb7 8. Bg5
Be7 9. Bxe7 Nxe7 10. Re1 Nd7 11. Qe2 Nf6 12. Rad1 O-O 13. Ne4 Nxe4 14. Bxe4 Bxe4
15. Qxe4 Nd5 16. Ne5 Qd6 17. c4 Nf6 18. Qf3 c5 19. dxc5 Qxc5 20. b3 a5 21. a4
Rad8 22. Ng4 Nxg4 23. Qxg4 Qb4 24. Qf3 h6 25. h3 Qc5 26. Rd3 Rxd3 27. Qxd3 Qb4
28. Re5 Qe7 29. Qe3 Qc7 30. Qg3 Rc8 31. Kh2 Kf8 32. f4 Rd8 33. Qe3 Rd6 34. c5
bxc5 35. Qxc5 Qxc5 36. Rxc5 Rd3 37. Rxa5 Rxb3 38. Ra7 h5 39. h4 g6 40. a5 Kg7
41. a6 Ra3 42. Kg1 Ra2 43. Kf1 Kf6 44. Kg1 1/2-1/2

[Event "4NCL Div 2 2024-25"]
[Site "England ENG"]
[Date "2025.02.15"]
[Round "5.68"]
[White "Moore, Eoin"]
[Black "Chan, Nevil"]
[Result "1-0"]
[WhiteElo "1908"]
[BlackElo "1980"]
[WhiteTeam "The ADs"]
[BlackTeam "Cambridge University 1"]
[WhiteFideId "464279"]
[BlackFideId "416738"]
[EventDate "2024.11.23"]

1. d4 b6 2. e4 Bb7 3. Bd3 Nf6 4. Qe2 Nc6 5. c3 e5 6. d5 Ne7 7. h4 h5 8. Bg5 Ng6
9. Nh3 Be7 10. Nd2 c6 11. dxc6 dxc6 12. Bc4 Nf8 13. O-O-O Bc8 14. f4 Ng4 15. Nf3
Qc7 16. Bxe7 Qxe7 17. Nhg5 Be6 18. fxe5 Qc5 19. Bxe6 Nxe6 20. Nxe6 fxe6 21. Ng5
Rh6 22. Rd6 Ke7 23. Rhd1 Nxe5 24. Qd2 Rf6 25. Rd7+ Nxd7 26. Qxd7+ Kf8 27. Nh7+
Kg8 28. Nxf6+ gxf6 29. Qxe6+ 1-0

[Event "4NCL Div 2 2024-25"]
[Site "England ENG"]
[Date "2025.02.16"]
[Round "6.13"]
[White "Snape, Ian L"]
[Black "Pozimski, Szymon"]
[Result "1-0"]
[WhiteElo "2098"]
[BlackElo "2008"]
[WhiteTeam "The ADs"]
[BlackTeam "Oxford 1"]
[WhiteFideId "404489"]
[BlackFideId "1138855"]
[EventDate "2024.11.23"]

1. c4 e6 2. g3 Nf6 3. Bg2 d5 4. Nf3 d4 5. d3 Bb4+ 6. Nbd2 a5 7. O-O O-O 8. Ne5
Nbd7 9. Ndf3 a4 10. Nxd7 Qxd7 11. e4 dxe3 12. Bxe3 Be7 13. d4 c5 14. Qe2 Qc7 15.
Rfd1 b6 16. Bf4 Qa7 17. d5 exd5 18. cxd5 Ba6 19. Qc2 Bb7 20. Ne5 Bd8 21. Nc6
Bxc6 22. dxc6 Bc7 23. Qf5 Bxf4 24. Qxf4 Rac8 25. Rd6 b5 26. Rad1 Qe7 27. Bh3 Rc7
28. Bf5 Ne8 29. Rd7 Rxd7 30. Rxd7 Qe1+ 31. Kg2 Qa5 32. c7 Nf6 33. Rd1 Qa8+ 34.
Kg1 h6 35. Qd6 Re8 36. Qxc5 g6 37. c8=Q 1-0

[Event "4NCL Div 2 2024-25"]
[Site "England ENG"]
[Date "2025.02.16"]
[Round "6.14"]
[White "Manley, Jon P"]
[Black "Baltrunas, Evaldas"]
[Result "1-0"]
[WhiteElo "2090"]
[BlackElo "1975"]
[WhiteTeam "Oxford 1"]
[BlackTeam "The ADs"]
[WhiteFideId "403296"]
[BlackFideId "343427499"]
[EventDate "2024.11.23"]

1. e4 c5 2. Nf3 e6 3. d3 Nc6 4. g3 d5 5. Qe2 Nf6 6. Bg2 Be7 7. O-O O-O 8. e5 Nd7
9. h4 Qc7 10. Re1 b5 11. Bf4 Bb7 12. c3 Rfc8 13. Nbd2 a5 14. h5 h6 15. Nh2 Qd8
16. Ng4 Bf8 17. Nf3 b4 18. c4 Ne7 19. Ne3 Nb6 20. g4 Ba6 21. b3 a4 22. g5 axb3
23. axb3 Bb7 24. gxh6 gxh6 25. Ng4 Nf5 26. Qd2 dxc4 27. bxc4 Rxa1 28. Rxa1 Ra8
29. Rd1 Kh7 30. Nf6+ Kh8 31. Ng4 b3 32. Qb2 Nd4 33. Nxd4 Bxg2 34. Kxg2 Qxd4 35.
Qxd4 cxd4 36. Rb1 Ra3 37. Bc1 b2 38. Rxb2 Bc5 39. Rxb6 Kh7 1-0

[Event "4NCL Div 2 2024-25"]
[Site "England ENG"]
[Date "2025.02.16"]
[Round "6.15"]
[White "Duggan, John E"]
[Black "Hariharan, Shambavi"]
[Result "1/2-1/2"]
[BlackTitle "WCM"]
[WhiteElo "2005"]
[BlackElo "2034"]
[WhiteTeam "The ADs"]
[BlackTeam "Oxford 1"]
[WhiteFideId "423726"]
[BlackFideId "488160"]
[EventDate "2024.11.23"]

1. d4 Nf6 2. Nf3 e6 3. c4 d5 4. e3 Bb4+ 5. Bd2 Bxd2+ 6. Nbxd2 Nbd7 7. Rc1 c6 8.
Bd3 Qe7 9. cxd5 exd5 10. Qc2 O-O 11. O-O Re8 12. Bf5 g6 13. Bxd7 Bxd7 14. Ne5
Ng4 15. Nxd7 Qxd7 16. Nf3 Nh6 17. Ne5 Qe6 18. h3 Kg7 19. Rfe1 Nf5 20. Nd3 Nd6
21. Nc5 Qe7 22. Re2 a5 23. b3 Ne4 1/2-1/2

[Event "4NCL Div 2 2024-25"]
[Site "England ENG"]
[Date "2025.02.16"]
[Round "6.16"]
[White "Murawski, Jan"]
[Black "Nguyen, Thu Giang"]
[Result "1-0"]
[WhiteTitle "CM"]
[BlackTitle "WFM"]
[WhiteElo "2123"]
[BlackElo "2076"]
[WhiteTeam "Oxford 1"]
[BlackTeam "The ADs"]
[WhiteFideId "21009287"]
[BlackFideId "12400980"]
[EventDate "2024.11.23"]

1. c4 Nf6 2. Nc3 e5 3. Nf3 Nc6 4. e4 Bc5 5. Nxe5 Nxe5 6. d4 Bb4 7. dxe5 Nxe4 8.
Qf3 Nxc3 9. bxc3 Ba5 10. Bf4 Qe7 11. Be2 O-O 12. O-O Rb8 13. Qg3 Qe6 14. Bg5 Kh8
15. Bd3 Re8 16. Qh4 h6 17. Bf6 Kg8 18. Qg3 g5 19. h4 d6 20. hxg5 h5 21. g6 Qg4
22. Qe3 fxg6 23. Qh6 Kf7 24. Qg7+ Ke6 25. Bxg6 1-0

[Event "4NCL Div 2 2024-25"]
[Site "England ENG"]
[Date "2025.02.16"]
[Round "6.17"]
[White "Merriman, James"]
[Black "Zakarian, Dimitrios Levon"]
[Result "1/2-1/2"]
[WhiteElo "2012"]
[BlackElo "2068"]
[WhiteTeam "The ADs"]
[BlackTeam "Oxford 1"]
[WhiteFideId "452270"]
[BlackFideId "453080"]
[EventDate "2024.11.23"]

1. d4 Nf6 2. c4 e6 3. Nc3 Bb4 4. Qc2 O-O 5. a3 Bxc3+ 6. Qxc3 d5 7. Bg5 dxc4 8.
Qxc4 h6 9. Bh4 b6 10. Nf3 Ba6 11. Qa4 Qd7 12. Qxd7 Nbxd7 13. e3 Bxf1 14. Rxf1 c5
15. dxc5 Nxc5 16. Bxf6 gxf6 17. Ke2 Nb3 18. Rad1 Rac8 19. Nd4 Nxd4+ 20. Rxd4
Rc2+ 21. Rd2 Rfc8 22. Rd1 Kf8 23. Kf3 Rxd2 24. Rxd2 Ke7 25. e4 Rc5 26. Ke3 1/2-1/2

[Event "4NCL Div 2 2024-25"]
[Site "England ENG"]
[Date "2025.02.16"]
[Round "6.18"]
[White "Udovenko, Daniel"]
[Black "Moore, Eoin"]
[Result "1-0"]
[WhiteElo "2090"]
[BlackElo "1908"]
[WhiteTeam "Oxford 1"]
[BlackTeam "The ADs"]
[WhiteFideId "30957508"]
[BlackFideId "464279"]
[EventDate "2024.11.23"]

1. d4 Nf6 2. c4 g6 3. h4 Bg7 4. Nc3 d5 5. h5 Nxh5 6. cxd5 e6 7. g4 Nf6 8. dxe6
Bxe6 9. e4 Nxg4 10. Be2 h5 11. d5 Bd7 12. f3 Nh6 13. Bf4 Na6 14. Qd2 Qf6 15.
Bxa6 Qxa6 16. Bxc7 O-O 17. Nge2 b5 18. Bf4 Kh7 19. Ng3 Rac8 20. Kf2 b4 21. Nce2
b3 22. axb3 Qb6+ 23. Qe3 Rc2 24. Qxb6 axb6 25. Ra7 Bb5 26. Rb7 Bf6 27. e5 h4 28.
exf6 hxg3+ 29. Kxg3 g5 30. Bxg5 Kg6 31. Bxh6 Rh8 32. Nf4+ Kxf6 33. Bg5+ Kg7 34.
Ne6+ 1-0

[Event "4NCL Div 2 2024-25"]
[Site "England ENG"]
[Date "2025.02.16"]
[Round "6.26"]
[White "Serbanescu, Diana-Maria"]
[Black "Jaufarally, Nadia"]
[Result "1-0"]
[WhiteTitle "CM"]
[WhiteElo "2020"]
[BlackElo "1939"]
[WhiteTeam "Celtic Tigers 1"]
[BlackTeam "Chessable White Rose 2"]
[WhiteFideId "1200550"]
[BlackFideId "443727"]
[EventDate "2024.11.23"]

1. e4 c5 2. c3 d5 3. exd5 Qxd5 4. d4 Nf6 5. Nf3 e6 6. Na3 cxd4 7. Nb5 Na6 8.
Nbxd4 Be7 9. Bd3 O-O 10. O-O Rd8 11. Qe2 Nc5 12. Bc2 b6 13. c4 Qb7 14. Re1 a5
15. b3 Bd7 16. Bb2 Bd6 17. Rad1 Qc7 18. h3 Be8 19. Bb1 Be7 20. Qc2 h6 21. Ne5
Nb7 22. Ng4 Kf8 23. Nxf6 Bxf6 24. Qh7 Nd6 25. Rxe6 1-0

[Event "4NCL Div 2 2024-25"]
[Site "England ENG"]
[Date "2025.02.16"]
[Round "6.27"]
[White "Wills, Tom"]
[Black "Pedersen, Carsten"]
[Result "1/2-1/2"]
[WhiteElo "1991"]
[BlackElo "2026"]
[WhiteTeam "Chessable White Rose 2"]
[BlackTeam "Celtic Tigers 1"]
[WhiteFideId "458651"]
[BlackFideId "1409760"]
[EventDate "2024.11.23"]

1. Nf3 Nf6 2. g3 d5 3. Bg2 b5 4. c4 bxc4 5. Ne5 c6 6. b3 cxb3 7. Qxb3 e6 8. O-O
Be7 9. Ba3 Nfd7 10. Nxd7 Qxd7 11. Rc1 O-O 12. d4 Ba6 13. e3 Rc8 14. Nd2 Qd8 15.
Rc2 Nd7 16. Rac1 Rcb8 17. Bxe7 Qxe7 18. Qc3 Bb5 19. Nb3 Nb6 20. Na5 Rc8 21. Qc5
Qd7 22. Bf1 1/2-1/2

[Event "4NCL Div 2 2024-25"]
[Site "England ENG"]
[Date "2025.02.16"]
[Round "6.34"]
[White "Jones, Steven A"]
[Black "Pitcher, John"]
[Result "1-0"]
[WhiteElo "2198"]
[BlackElo "2137"]
[WhiteTeam "The Audible Checks"]
[BlackTeam "Warwickshire Select 1"]
[WhiteFideId "419630"]
[BlackFideId "411485"]
[EventDate "2024.11.23"]

1. e4 c5 2. Nf3 e6 3. d4 cxd4 4. Nxd4 Nc6 5. Nc3 Qc7 6. Be3 a6 7. Qd2 Nf6 8.
O-O-O Be7 9. f4 b5 10. e5 b4 11. Ncb5 axb5 12. Nxb5 Qa5 13. exf6 gxf6 14. Nd6+
Bxd6 15. Qxd6 Qxa2 16. Rd3 Qa1+ 17. Kd2 Ra2 18. Bd4 Nxd4 19. Rxd4 b3 20. Rc4 Ra8
21. Rc5 Qa7 22. Bb5 Qb8 23. Qxb8 Rxb8 24. c4 Ke7 25. Ra1 Kd6 26. Rh5 f5 27. Kc3
Kc7 28. Rg5 Bb7 29. Rg7 Rhf8 30. Kxb3 d5 31. Kc3 dxc4 32. Bxc4 Kb6 33. g3 h5 34.
Rh7 Bf3 35. Ra6+ Kb7 36. Rxe6 Rbd8 37. Re7+ Kc6 1-0

[Event "4NCL Div 2 2024-25"]
[Site "England ENG"]
[Date "2025.02.16"]
[Round "6.36"]
[White "Hng, Mei-Xian Eunice"]
[Black "Fellowes, Billy"]
[Result "0-1"]
[WhiteTitle "WFM"]
[BlackTitle "CM"]
[WhiteElo "2066"]
[BlackElo "2203"]
[WhiteTeam "The Audible Checks"]
[BlackTeam "Warwickshire Select 1"]
[WhiteFideId "5806585"]
[BlackFideId "483540"]
[EventDate "2024.11.23"]

1. Nf3 Nf6 2. c4 g6 3. d4 Bg7 4. Nc3 d6 5. e4 O-O 6. h3 e5 7. dxe5 dxe5 8. Be3
Qe7 9. Be2 c6 10. O-O Na6 11. a3 Nc5 12. Qc2 Nh5 13. b4 Ne6 14. Rfd1 Nhf4 15.
Bf1 f5 16. c5 Kh8 17. Rd6 Nh5 18. exf5 gxf5 19. Rad1 e4 20. Nd4 Ng5 21. Qe2 f4
22. Qxh5 fxe3 23. fxe3 Be5 24. Rh6 Qg7 25. g4 Nf7 26. Rd6 Bxd6 27. cxd6 Nxd6 28.
Bg2 Nc4 29. Re1 Nxe3 30. Rxe3 Qxd4 31. Qc5 Qxc5 32. bxc5 Bd7 33. Rxe4 Rae8 34.
Rb4 Bc8 35. Rd4 Re3 36. Ne4 Rxa3 37. Rb4 a5 38. Rb6 a4 39. Rb4 Ra1+ 40. Kh2 a3
41. Kg3 a2 42. Ra4 Be6 43. Ra3 Rc1 0-1

[Event "4NCL Div 2 2024-25"]
[Site "England ENG"]
[Date "2025.02.16"]
[Round "6.37"]
[White "Fallowfield, Jeremy R"]
[Black "Turner, Lewis A"]
[Result "0-1"]
[WhiteElo "2052"]
[BlackElo "1995"]
[WhiteTeam "Warwickshire Select 1"]
[BlackTeam "The Audible Checks"]
[WhiteFideId "405450"]
[BlackFideId "412600"]
[EventDate "2024.11.23"]

1. e4 c5 2. Nc3 g6 3. f4 Bg7 4. Nf3 Nc6 5. a4 e6 6. e5 d6 7. Bb5 Ne7 8. Ne4 dxe5
9. fxe5 O-O 10. Nf6+ Kh8 11. d4 Nxd4 12. c3 Ndc6 13. Bg5 Qxd1+ 14. Rxd1 a6 15.
Be2 Nd5 16. Nxd5 exd5 17. Rxd5 Be6 18. Rxc5 Rac8 19. a5 Nxe5 20. Rxe5 Bxe5 21.
Nxe5 f6 22. Bh6 Rfe8 23. Nd3 Bg4 24. Nc1 Bxe2 25. Nxe2 Rc5 26. Kd2 Rxa5 27. Nd4
Kg8 28. g4 Rd5 29. Be3 Rde5 30. Bf2 Kf7 31. Rf1 Kg7 32. Bh4 g5 33. Bg3 Rd5 34.
Rf5 Rxf5 35. Nxf5+ Kg6 36. Kd3 h5 37. h3 h4 38. Bf2 Re5 39. Be3 Ra5 40. Ke4 Ra2
41. b4 Rc2 42. Bd4 Rh2 43. Ne7+ Kf7 44. Nd5 Rxh3 45. Bxf6 Kg6 46. Ke5 Rf3 47.
Ne7+ Kf7 48. Kd4 0-1

[Event "4NCL Div 2 2024-25"]
[Site "England ENG"]
[Date "2025.02.16"]
[Round "6.42"]
[White "Gallagher, Daniel GH"]
[Black "Cooksey, Paul S"]
[Result "1/2-1/2"]
[BlackTitle "FM"]
[WhiteElo "2226"]
[BlackElo "2244"]
[WhiteTeam "Cambridge University 1"]
[BlackTeam "Crowthorne A"]
[WhiteFideId "436550"]
[BlackFideId "405051"]
[EventDate "2024.11.23"]

1. e4 c6 2. Nf3 d5 3. d3 dxe4 4. dxe4 Qxd1+ 5. Kxd1 Nf6 6. Nbd2 g6 7. Bd3 Bh6 8.
Ke2 Bg4 9. a4 Bxf3+ 10. Kxf3 Nbd7 11. b4 O-O 12. Ke2 Ng4 13. f3 Nge5 14. Bb2 Bg7
15. Rhb1 Rfd8 16. f4 Nxd3 17. cxd3 Nf8 18. Bxg7 Kxg7 19. Nb3 Ne6 20. Ke3 Rd7 21.
Nc5 Nxc5 22. bxc5 Rad8 23. Ra3 e6 24. a5 Rc7 25. Rb4 a6 26. Rab3 Rdd7 27. g4 f6
28. h4 h6 29. Rd4 Rxd4 30. Kxd4 Rd7+ 31. Ke3 g5 32. hxg5 hxg5 33. f5 exf5 34.
gxf5 Kf8 35. Kf3 Rh7 36. Kg3 Ke8 37. d4 Rh4 38. e5 Rxd4 39. exf6 Kf7 40. Rxb7+
Kxf6 41. Rb6 Kxf5 42. Rxc6 Ke5 1/2-1/2

[Event "4NCL Div 2 2024-25"]
[Site "England ENG"]
[Date "2025.02.16"]
[Round "6.43"]
[White "Thompson, Ian D"]
[Black "Hill, Alistair"]
[Result "1/2-1/2"]
[WhiteTitle "FM"]
[WhiteElo "2018"]
[BlackElo "2155"]
[WhiteTeam "Crowthorne A"]
[BlackTeam "Cambridge University 1"]
[WhiteFideId "405205"]
[BlackFideId "432407"]
[EventDate "2024.11.23"]

1. c4 Nf6 2. Nc3 c5 3. g3 d5 4. cxd5 Nxd5 5. Bg2 Nc7 6. Nf3 Nc6 7. O-O e5 8. d3
Be7 9. Nd2 O-O 10. Nc4 f6 11. f4 exf4 12. Bxf4 Kh8 13. Rc1 Re8 14. Ne4 Ne6 15.
Ned6 Rf8 16. Bxc6 Nxf4 17. Rxf4 Bxd6 18. Nxd6 Qxd6 19. Bg2 Be6 20. Qc2 Qb6 21.
Kh1 Rac8 22. b3 Rfd8 23. Rcf1 Rd4 24. Be4 Bd5 25. Bxd5 Rxd5 26. Rc4 Rcd8 27. Rc1
Qe6 28. Rxc5 Rxc5 29. Qxc5 Qxe2 30. Qxa7 Qf3+ 31. Kg1 Qxd3 32. Re1 Qd2 33. Qe3
h5 34. Qe2 Qd4+ 35. Qf2 Kh7 36. Qxd4 Rxd4 37. Kf2 Kg6 38. Ke3 Rd7 39. Rc1 Kg5
40. Rc4 Re7+ 41. Kf3 Rd7 42. Rb4 Kg6 43. a4 Kf7 44. h4 g5 45. hxg5 fxg5 46. Rb6
h4 47. gxh4 gxh4 48. Kg4 Ke7 49. Kxh4 Kd8 50. Kg5 Kc7 51. Rb5 Rf7 52. a5 Rf3 53.
b4 Rf1 54. Rb6 Rf2 55. Kg4 1/2-1/2

[Event "4NCL Div 2 2024-25"]
[Site "England ENG"]
[Date "2025.02.16"]
[Round "6.44"]
[White "Goh, Jinghan Cameron"]
[Black "Purdon, Colin"]
[Result "0-1"]
[WhiteElo "2101"]
[BlackElo "1968"]
[WhiteTeam "Cambridge University 1"]
[BlackTeam "Crowthorne A"]
[WhiteFideId "5804540"]
[BlackFideId "408581"]
[EventDate "2024.11.23"]

1. d4 Nf6 2. c4 g6 3. g3 Bg7 4. Bg2 O-O 5. Nc3 c5 6. d5 d6 7. Nf3 Na6 8. O-O Nc7
9. a4 b6 10. h3 a6 11. e4 Rb8 12. Re1 b5 13. e5 Nfe8 14. Bf4 bxc4 15. Qd2 Rb3
16. Bf1 Rb4 17. g4 Bb7 18. Rad1 e6 19. Bg5 Qd7 20. dxe6 fxe6 21. exd6 Bxf3 22.
dxc7 Qxc7 23. Be2 Bd4 24. Be3 Rxb2 25. Qc1 Bxc3 26. Bxf3 Rxf3 27. Qxc3 Rbxf2 0-1

[Event "4NCL Div 2 2024-25"]
[Site "England ENG"]
[Date "2025.02.16"]
[Round "6.46"]
[White "Sivanandan, Bodhana"]
[Black "Duckers, Harvey L"]
[Result "1-0"]
[WhiteTitle "WFM"]
[WhiteElo "2073"]
[BlackElo "1879"]
[WhiteTeam "Cambridge University 1"]
[BlackTeam "Crowthorne A"]
[WhiteFideId "497592"]
[BlackFideId "407909"]
[EventDate "2024.11.23"]

1. e4 e6 2. d4 d5 3. Nd2 c5 4. exd5 exd5 5. Ngf3 Nc6 6. Bb5 Bd6 7. O-O Ne7 8.
dxc5 Bxc5 9. Nb3 Bd6 10. h3 O-O 11. Re1 Bf5 12. Nfd4 Bg6 13. Be3 a6 14. Bxc6
bxc6 15. Nf3 Nf5 16. Bc5 Bxc5 17. Nxc5 Qd6 18. b4 Rfb8 19. a3 a5 20. c3 Ra7 21.
Rc1 axb4 22. axb4 h6 23. Nd4 Qf6 24. Ncb3 Rc8 25. Nxf5 Bxf5 26. Qf3 Qg6 27. Ra1
Be4 28. Qg4 Rca8 29. Qxg6 fxg6 30. f3 Rxa1 31. Rxa1 Rxa1+ 32. Nxa1 Bf5 33. h4
Kf7 34. Kf2 Ke7 35. Ke3 g5 36. hxg5 hxg5 37. Nb3 Kd6 38. Kd4 Bc2 39. Nd2 Bd1 40.
Nf1 Ke6 41. Ne3 Be2 42. Nc2 Bf1 43. g3 Be2 44. Kc5 Bd1 45. Nd4+ Kd7 46. Nxc6 Kc7
47. Nd4 1-0